Normal view
MARC view
Entry Topical Term
001 - CONTROL NUMBER
- control field: 12821
003 - CONTROL NUMBER IDENTIFIER
- control field: OSt
005 - DATE AND TIME OF LATEST TRANSACTION
- control field: 20221004143629.0
008 - FIXED-LENGTH DATA ELEMENTS
- fixed length control field: 221004|| aca||aabn | a|a d
040 ## - CATALOGING SOURCE
- Original cataloging agency: OSt
- Transcribing agency: OSt
150 ## - HEADING--TOPICAL TERM
- Topical term or geographic name entry element: မြန်မာနိုင်ငံ
- General subdivision: သမိုင်း
670 ## - SOURCE DATA FOUND
- Source citation: Work cat.: (OSt): စန္ဒမာလာလင်္ကာရ၊ အရှင်။ 12819, ရခိုင်ရာဇဝင်သစ်ကျမ်း(ပထမစာအုပ်၊ ဒုတိယစာအုပ်ပေါင်းချုပ်) /, ၂၀၁၄။